000 00419 a2200121 4500
001 ART_3327
005 20260410161714.0
008 260409a
245 1 0 _aLa tecnología y el empleo en un nuevo enfoque del desrrollo agropecuario.El caso argentino
100 1 _aForni, Floreal H.
700 1 _aTort, María Isabel
773 0 _tDesarrollo económico
_g- Vol. 19, Nº 76 (ene./mar. 1980)
_wREV1174
999 _c16329
_d16329